000 00835nam#a22003135ar4500
001 112
008 051109s1990####ag#ac##d|b####||1#0#spa|d
245 1 0 _aEducación cívica 3. /
_cDaniel Alberto Sabsay, Alicia BeatrizCasullo, Palmira Dobaño Fernandez.
250 _a1ª ed.
260 _aBuenos Aires :
_bSantillana,
_c1990.
300 _a159 p. :
_bil., fot ;
_c18 cm.
020 _a950460126x
100 1 _aSabsay, Daniel Alberto.
700 1 _aCasullo, Alicia Beatriz.
700 1 _aDobaño Fernandez, Palmira.
080 _a37.01
084 _aS12
653 _aPoblación Argentina
653 _aSalud
653 _aTrabajo
653 _aVivienda
653 _aCultura
653 _aEducación
653 _aCívica
040 _aAR-ClEAG
_cAR-ClEAG
005 20241107184625.0
003 AR-ClEAG
942 _cBK
999 _c112
_d112
980 _62
_aEvangelina Gallicchio
_82
_gEvangelina Gallicchio